00619cam a22002291 4500001001300000003000400013005001700017008004100034010001700075025001900092035002000111040002100131042001200152050001700164100003500181245006400216260001100280300004200291500001300333650002600346999001700372sa 68012539 DLC20260227112611.0940729s1968 ii 000 0 urdo  asa 68012539  aPL480:I-U-2405 a(OCoLC)30853786 aDLCcCUdCUdDLC apremarc00aD199.3b.A381 aAlavi, Mohammad Sufyan,d1944-10aMag̲h̲rib kī bedārī kā Islāmī pas-i manẓar. c[1968] a116 p. (p. 116 advertisement)c19 cm. aIn Urdu. 0aIslamic civilization. c84580d84580